Kritéria voľby modelu účtovných systémov diplomová práca

Salvato in:
Dettagli Bibliografici
Autore principale: Pončka, Peter
Ente Autore: Fakulta hospodárskej informatiky EU. Katedra účtovníctva a audítorstva
Altri autori: Surový, Vladimír
Natura: Libro
Lingua:slovacco
Pubblicazione: Bratislava 2008
Tags: Aggiungi Tag
Nessun Tag, puoi essere il primo ad aggiungerne!!

MARC

LEADER 00000nam$a2200000$$$4500
001 0085456
005 20240201115441.4
041 0 |a slo 
044 |a SK 
245 1 0 |a Kritéria voľby modelu účtovných systémov  |b diplomová práca  |c Peter Pončka ; škol. Vladimír Surový 
264 1 |a Bratislava  |c 2008 
300 |a 72 s. 
100 1 |a Pončka, Peter 
700 1 |a Surový, Vladimír 
710 2 |a Fakulta hospodárskej informatiky EU. Katedra účtovníctva a audítorstva